Zgadnij Piłkarza po Transferze #2 - Statystyki

Ogólne statystyki
  • Ten quiz został rozwiązany 361 razy
  • Średni wynik to 3 z 10
Statystyki odpowiedzi
Kluby/Kwota/Rok Piłkarz % Poprawnych
Real Madryt-> Manchester United / 75 mln / 2014 Di Maria
79%
Lech Poznań -> Sampdoria / 3,1 mln / 2016 Linetty
53%
CSKA Moskwa -> AS Monaco / 30 mln / 2018 Golovin
44%
Hull City-> Liverpool / 9 mln / 2017 Robertson
44%
Olympique Marsylia -> Tiges / 0 / 2021 Thauvin
23%
Real Madryt -> PSG / 25 mln / 2016 Jese
17%
AS Roma -> SSC Napoli / 36 mln / 2019 Manolas
15%
Real Madryt -> Tottenham / 30 mln / 2020 Reguilon
14%
Juventus -> AC Milan / 36,15 mln / 2001 Inzaghi
9%
Sevilla -> Atletico Madryt / 32 mln / 2016 Gameiro
6%
Nie znaleziono quizów pasujących do podanych kryteriów
Rozkład punktacji
Procent ludzi z każdym wynikiem
Percentyl według liczby udzielonych odpowiedzi
Twoja historia wyników
Nie rozwiązałeś tego quizu